000 01140nas a2200349 4500
001 BR2021000546
003 BR-BrBNA
005 20231205132218.0
007 ta
008 230509b bl.|||p| |||| 00| 00por d
040 _aBR-BrBNA
_bpor
_cBiblioteca Nacional de Agricultura
041 _a(Pt)
072 _aF03; P35; F62
100 1 _aCruz, V. da S. da
100 1 _aYamashita, O.M.
100 1 _aKarsburg, I.V.
100 1 _aCarvalho, M.A.C. de
100 1 _aDallacort, R.
100 1 _aRossi, A.A.B.
100 1 _aSilva, I.V. da
245 1 _aEfeito da salinidade na germinação e desenvolvimento de plântulas de Ochroma pyramidale
650 _aOCHROMA PYRAMIDALE
650 _aPAU DE BALSA
650 _aGERMINAÇÃO
650 _aOSMOSE
650 _aSALINIDADE
773 0 _tNativa. Pesquias Agrárias e Ambientais (Brazil)
_xISSN 2318-7670
_g(Mar-Apr 2020), v. 8(2) p. 239-245
_wBR2021000546
856 4 0 _uhttps://periodicoscientificos.ufmt.br/ojs/index.php/nativa/article/view/8266/6927
856 4 0 _dLink DSPACE/MAPA BR2021000546
909 _a202311
_bLúcia
_c55
_dLúcia Elande
942 _2AGRIS
_n0
_cANA
999 _c259088
_d259088